| 000 | 00854nam a22002175i 4500 | ||
|---|---|---|---|
| 001 | 166498 | ||
| 003 | ES-MaACL | ||
| 005 | 20250809025222.0 | ||
| 008 | 940206s1883 sp |||| | spa d | ||
| 040 |
_aCAM _bspa |
||
| 100 | 1 |
_aTorres Campos, Manuel. _9110934 |
|
| 245 | 1 | 0 |
_aPrincipios de derecho internacional privado o de derecho extraterritorial de Europa y América en sus relaciones con el derecho civil de España _b: memoria / _cManuel Torres Campos. |
| 260 |
_aMadrid : _b[s.n.], _c1883 ( _fImp. de Santiago Arranz y Cia.) |
||
| 300 |
_a323, [2] p. ; _c23 cm. |
||
| 650 | 0 | 7 |
_aDerecho internacional privado _2embne _911721 |
| 700 | 1 |
_aArranz, Santiago, y Cia. _9125718 |
|
| 852 |
_aES-MaACL _jD-1094 _z- Rúst. |
||
| 852 |
_aES-MaACL _jF-805 _z-- Rúst. |
||
| 852 |
_aES-MaACL _jB-1629 _z-- Enc. pasta española |
||
| 999 |
_c166498 _d166498 |
||